| 000 | 00608nam a2200229Ia 4500 | ||
|---|---|---|---|
| 005 | 20220921142145.0 | ||
| 008 | 131103s9999 xx 000 0 und d | ||
| 020 | _cRs 20 | ||
| 040 | _aLoreto College | ||
| 041 | _aEnglish | ||
| 082 |
_a954.02 _bGUP |
||
| 245 |
_aMarathas and Panipat _cedited by Hari Ram Gupta |
||
| 260 |
_aChandigarh _bPunjab University _c1961 |
||
| 300 |
_axxiv,378p _b Maps,illus |
||
| 504 | _aIncludes bibliography & index | ||
| 630 | _aIndia - History | ||
| 650 | _aHistory | ||
| 651 | _aMarathas and Panipat | ||
| 700 | _aGupta,Hari Ram,ed | ||
| 850 | _aLCLIB | ||
| 942 | _cBK | ||
| 999 |
_c175 _d50654 |
||